| 000 | 00758cam a22002411 4500 | ||
|---|---|---|---|
| 001 | 26493 | ||
| 003 | BD-RjUL | ||
| 005 | 20211209051027.0 | ||
| 008 | 140322s1965 pk b 000 0 eng | ||
| 035 | _a(BD-RjUL)26563 | ||
| 035 | _a(OCoLC)16534565 | ||
| 040 |
_aDLC _cWaU _dBD-RjUL _beng |
||
| 041 | _aeng | ||
| 082 | 0 | 0 |
_bKAA 1965 _a954.72 |
| 100 | 1 |
_aKabeer, Rokeya Rahman. _981469 |
|
| 245 | 1 | 0 |
_aAdministrative policy of the Government of Bengal, 1870-1890 / _cRokeya Rahman Kabeer. |
| 260 |
_aDacca : _bNational Institute of Public Administration, _c1965. |
||
| 300 |
_ax, 174, 146 p. ; _c25 cm. |
||
| 504 | _aBibliography: p. [141]-146. | ||
| 651 | 0 |
_aBengal (India) _xPolitics and government. _981470 |
|
| 942 |
_2ddc _cBK |
||
| 999 |
_c26493 _d26493 |
||